| 000 | 00551nam a2200169 a 4500 | ||
|---|---|---|---|
| 001 | 000038785 | ||
| 005 | 20240228090831.0 | ||
| 008 | 130422s1992 dr 000 0 spa d | ||
| 020 | _a8489536023 | ||
| 040 |
_aDO-SdBNP _bspa _cBNPHU |
||
| 100 | 1 |
_aCeara-Hatton, Miguel _91685 |
|
| 245 | 1 | 0 |
_aEmpleo, deuda y crecimiento económico: un modelo macro / _cMiguel Ceara Hatton. |
| 260 |
_aSanto Domingo : _bCentro de Investigación Económica, _c1992. |
||
| 300 |
_a80 p. ; _c22 cm. |
||
| 490 | 1 | _aEnsayos de economía | |
| 830 | 0 |
_aEnsayos de economía _97177 |
|
| 999 |
_c38275 _d38275 |
||